000 01133 a2200229 4500
005 20260313153110.0
008 260313b |||||||| |||| 00| 0 eng d
020 _a9789364106399 (hbk)
037 _cTB
040 _aAL
_cAL
041 _2hin
_ahin
084 _aW6.2 152R6
_qAL
100 _aचतुर्वेदी, जगदीश्वर
_9862274
245 _aधर्म लोकतंत्र और फ़ासिज़्म
260 _aनई दिल्ली, भारत:
_bअनामिका पब्लिशर्स एण्ड डिस्ट्रीब्यूटर्स (प्रा.) लिमिटेड,
_c2026.
300 _a207पृ.
365 _b695.00
_cINR
650 _aराजनीतिक विज्ञान
650 _aलोकतंत्र
942 _cTB
_2CC
_hW6.2 152R6
999 _c1467063
_d1467063